LEADER 01134nam a2200265 i 4500 001 000000038464 003 CaOOAMICUS 005 20040903000000.0 008 040903s1976 it u000 u ita u 013 $a9049 040 $aSeMil$bita 245 10$aTeatri e scenografie /$cintroduzione di Luigi Squarzina ; saggio storico-critico di Manfredo Tafuri. 260 $aMilano :$bTouring Club Italiano,$ccopyr. 1976. 300 $a191 p. :$briccamente ill. ;$c31 cm. 490 0 $aItalia meravigliosa 500 $aContiene : Bibliografia essenziale. 650 4$aTeatri - Italia.$0(OLS)http://semarc/subject/7807 700 1 $aTafuri, Manfredo.$0(OLS)http://semarc/name/17342 700 1 $aSquarzina, Luigi <1922-2010>.$0(OLS)http://semarc/name/18469 830 0$aItalia meravigliosa.$0(OLS)http://semarc/title/16005 850 $aSeMil 852 $aSeMil$W1$xVenegono$y1$m4Y VII 66$j4619$B4619$CSeMilBibl$Z2$F4619 $81 961 $aOmaggio: Biblioteca Seminario Saronno 996 $6245$aTeatri e scenografie$9(OLS)http://semarc/title/54291 996 $6260$aMilano :$bTouring Club Italiano$9(OLS)http://semarc/publisher/29688 LEADER 01181nam a2200217 4500 001 000000365433 003 CaOOAMICUS 005 20251125144641.0 008 251125s1953 it 2 000 u ita r 040 $aSeMil$bita 100 1 $aVecchi, Alberto.$0(OLS)http://semarc/name/32972 245 13$aIl concetto di filosofia e il problema del corso storico nel De vera religione di S. Agostino /$cAlberto Vecchi. 264 1$aLouvain :$bE. Nauwelaerts,$c1953. 300 $aP. 282-291 ;$c25 cm 500 $aEstratto da: Volume complémentaire et communications du colloque de logique=Additional volume and contributions to the symposium on logic, vol. 14. Actes du 11. Congrès International de philosophie 650 4$aAgostino, Aurelio - Pensiero filosofico.$0(OLS)http://semarc/subject/39 850 $aSeMil 852 $aSeMil$W1$xVenegono$y1$m5C VIII 3/32$j264811$B256264$CSeMilBibl$Z2$F256264 $81 996 $6245$aIl concetto di filosofia e il problema del corso storico nel De vera religione di S. Agostino$9(OLS)http://semarc/title/457014 996 $6264$aLouvain :$bE. Nauwelaerts$9(OLS)http://semarc/publisher/34333